Loading...

Digital computer electronics

Bibliografiske detaljer
Hovedforfatter: Malvino, Albert Paul
Format: Printed Book
Udgivet: New Delhi TMH 1995
Udgivelse:3rd ed.
Fag:
LEADER 00452cam a2200145ua 4500
082 |a 621.391 6  |b MAL/D 
100 0 |a Malvino, Albert Paul 
245 0 0 |a Digital computer electronics  
250 |a 3rd ed. 
260 |a New Delhi  |b TMH  |c 1995 
300 |a vi, 522p. 
650 0 |a Electronics- Digital Computers 
942 |c BK 
999 |c 9254  |d 9254 
952 |0 0  |1 0  |4 0  |6 621_391000000000000_6_MAL_D  |7 0  |9 9651  |a KUCL  |b KUCL  |d 2014-05-23  |l 0  |o 621.391 6 MAL/ D  |p 02588  |r 2014-05-23  |y BK